000 00209 a2200097 4500
001 30270
100 _aDickens, Ch
245 _aBleak House
260 _aEngland
_bOxford University
_c
090 _c20213
_d20213
942 _aNUST-CAE
_cM
_c11352
999 _c265343
_d265343